000 00760nam a22002417a 4500
999 _c1594
_d1594
003 AR-CdUCM
008 190227b ||||| |||| 00| 0 eng d
040 _aMUNICIPALIDAD PROVINCIAL DEL CUSCO
_cBIBLIOTECA MUNICIPAL DEL CUSCO
082 _a801.08 /
_bM22
100 _aManyari Rey de Cordoba, Olga
_95982
245 _aPoesias Excelsas /
_cManyari Rey de Cordoba, Olga
260 _aLima :
_bjuridica,
_c1966.
300 _a175 paginas ;
_bilustraciones,
_c22cm.
500 _apoesias
650 _aPoesias
_95433
650 _aliteratura
_9212
650 _aPerĂº
_935
650 _aPesias excelsas
_95983
700 _aManyari Rey de Cordoba, Olga
_95982
700 _aAquino Bohorquez, Mauro
_95984
942 _2ddc
_cLIBROS
945 _apjha
_d2019-02-27